| 000 | 00000nam##2200000za#4500 |
| 001 | 9.591137 |
| 003 | CaOODSP |
| 005 | 20240911080547 |
| 007 | cr ||||||||||| |
| 008 | 150406|2002||||xxc|||||o f|0| 0 fre|d |
| 020 | |a0-662-87773-X |
| 040 | |aCaOODSP|bfre |
| 043 | |an-cn--- |
| 086 | 1 |aH113-8/2002-2F-IN |
| 110 | 1 |aCanada.|bSanté Canada. |bAgence de réglementation de la lutte antiparasitaire. |
| 245 | 10|aLignes directrices concernant la recherche sur les produits antiparasitaires contenant des phéromones et d'autres écomones, ainsi que l'homologation de ces produits |h[ressource électronique] |
| 260 | |aOttawa - Ontario : |bSanté Canada. |cLe 25 septembre 2002. |
| 300 | |a53p.|bréférences, tableaux |
| 490 | 1 |aProjet de directive |vPRO2002-02 |
| 590 | |a14-14-Supp|b2014-07-24 |
| 691 | 07|aPesticide|2gcpds |
| 691 | 07|aRéglementation|2gcpds |
| 775 | 08|tGuidelines for the research and registration of pest control products containing pheromones and other semiochemicals |w(CaOODSP)9.558233 |
| 830 | #0|aProjet de directive (Canada. Agence de réglementation de la lutte antiparasitaire)|vPRO2002-02|w(CaOODSP)9.500881 |
| 856 | 40|ahttp://publications.gc.ca|qPDF|s193 Ko|uhttps://publications.gc.ca/collections/collection_2014/sc-hc/H113-8-2002-2-fra.pdf|yPRO2002-02 |